000
00257pam a2200121 a 4500
020
_c
041
_a
eng
100
_a
Johnasan.M.C.
245
_a
New Biology
_h
Textual Documents
260
_a
New York
_b
Penguin Books Ltd
300
_a
125p.
930
_a
15255
999
_c
92155
_d
92155